The Role of forest and bioenergy strategies in the global carbon cycle (Record no. 45451)

MARC details
000 -LEADER
fixed length control field 00625nam a2200229Ia 4500
100 ## - MAIN ENTRY--AUTHOR NAME
Personal name Schlamadinger Bernhard
245 #4 - TITLE STATEMENT
Title The Role of forest and bioenergy strategies in the global carbon cycle
260 ## - PUBLICATION, DISTRIBUTION, ETC. (IMPRINT)
Name of publisher Biomass and Bioenergy
Year of publication 1996
300 ## - PHYSICAL DESCRIPTION
Number of Pages 275-300
650 ## - SUBJECT ADDED ENTRY--TOPICAL TERM
Topical Term Bioenergy
650 ## - SUBJECT ADDED ENTRY--TOPICAL TERM
Topical Term Biofuels
650 ## - SUBJECT ADDED ENTRY--TOPICAL TERM
Topical Term Biomass
650 ## - SUBJECT ADDED ENTRY--TOPICAL TERM
Topical Term Carbon balance
650 ## - SUBJECT ADDED ENTRY--TOPICAL TERM
Topical Term Carbon cycle
650 ## - SUBJECT ADDED ENTRY--TOPICAL TERM
Topical Term Energy substitution
650 ## - SUBJECT ADDED ENTRY--TOPICAL TERM
Topical Term Forest management
650 ## - SUBJECT ADDED ENTRY--TOPICAL TERM
Topical Term Materials substitution
650 ## - SUBJECT ADDED ENTRY--TOPICAL TERM
Topical Term Wood products
700 ## - ADDED ENTRY--PERSONAL NAME
Personal name Marland Gregg
942 ## - ADDED ENTRY ELEMENTS (KOHA)
Koha item type Reprints
Holdings
Withdrawn status Lost status Damaged status Not for loan Home library Current library Shelving location Date acquired Serial Enumeration / chronology Accession Number Koha item type
      Reprints RRII Library RRII Library Physiology 22/12/2021 Volume 10, Issue 06-May P01475 Reprints